LEADER 01008cam0-2200325---450- 001 990005733800403321 005 20150924151850.0 035 $a000573380 035 $aFED01000573380 035 $a(Aleph)000573380FED01 035 $a000573380 100 $a19990604d1938----km-y1itay50------ba 101 0 $aita 102 $aIT 105 $ay-------001yy 200 1 $a<>autore italiano dell'imitazione di Cristo$eGiovanni Gersen$fP. Piergiovanni$gprefazione di Emanuele Sella 210 $a[S.l.]$cTip. dell'Unione Biellese$d1938 215 $aXXXII, 302 p.$d21 cm 610 0 $aGersen, Giovanni$aImitazione di Cristo 610 0 $aAscetismo 676 $a248.22$v22$zita 700 1$aBonardi,$bPiergiovanni 702 1$aSella,$bEmanuele$f<1879-1946> 801 0$aIT$bUNINA$gREICAT$2UNIMARC 901 $aBK 912 $a990005733800403321 952 $a248.22 BON 1$bIst.glott. s.i.$fFLFBC 959 $aFLFBC 996 $aAutore italiano dell'imitazione di Cristo$9572346 997 $aUNINA LEADER 02548nam 2200445z- 450 001 9910332058203321 005 20220303123648 010 $a9791035101497 035 $a(CKB)4100000008789132 035 $a(oapen)https://directory.doabooks.org/handle/20.500.12854/43359 035 $a(PPN)267968493 035 $a(FR-PaCSA)88924516 035 $a(FRCYB88924516)88924516 035 $a(oapen)doab43359 035 $a(EXLCZ)994100000008789132 100 $a20260304d2019 u| | 101 0 $afre 135 $aurmn|---annan 181 $ctxt$2rdacontent 182 $cc$2rdamedia 183 $acr$2rdacarrier 200 00$aClément 210 1$aParis, France$cEditions de la Sorbonne$d2019 215 $a1 online resource 311 08$a9782859448752 311 08$a2859448756 330 $aCeci n'est pas une biographie. Ni une histoire de la papauté sous le règne du pape Clément VI (1342-1352), non plus qu'une monographie consacrée à sa prédication et à sa bibliothèque. Si ce livre tient un peu des trois, son propos est différent. Il fait entrer dans l'atelier de travail d'un intellectuel de la première moitié du xive siècle, Pierre Roger, devenu professeur à l'université de Paris, cardinal puis pape sous le nom de Clément VI. Ses livres et sa parole ont été les instruments essentiels de son parcours et de son exercice du pouvoir. Leur étude montre la construction d'une pensée et d'une action politiques, saisies dans leur exercice concret. Trajectoire sociale et discours savant se construisent l'un par l'autre dans une histoire qui lie les savoirs rhétoriques, théologiques et scolastiques, et le pouvoir d'une papauté affaiblie par l'échec du projet théocratique de Boniface VIII et reformulant son ambition institutionnelle lors du séjour avignonnais. Étudier Clément VI au travail permet de mieux comprendre cette figure de pape éloquent, savant et mécène, et surtout d'éclairer un moment charnière dans l'usage gouvernemental des savoirs médiévaux et dans l'interrogation de l'Église sur elle-même et sur sa place dans la société du xive siècle. 517 $aClément VI au travail 606 $aBiography and non-fiction prose$2bicssc 610 $ahistoriographie médiévale 610 $amonastère 610 $apapauté 610 $apape 615 7$aBiography and non-fiction prose 700 $aAnheim$b Étienne$01282520 801 0$bFR-PaCSA 906 $aBOOK 912 $a9910332058203321 996 $aClément$94426467 997 $aUNINA